Ehsas (Shayari Majmua) (Record no. 71136)

000 -LEADER
fixed length control field 00446nam a22001697a 4500
003 - CONTROL NUMBER IDENTIFIER
control field NUST - PNEC
005 - DATE AND TIME OF LATEST TRANSACTION
control field 20170116181154.0
008 - FIXED-LENGTH DATA ELEMENTS--GENERAL INFORMATION
fixed length control field 160111b xxu||||| |||| 00| 0 eng d
020 ## - INTERNATIONAL STANDARD BOOK NUMBER
International Standard Book Number -
040 ## - CATALOGING SOURCE
Transcribing agency LIBRARY
082 ## - DEWEY DECIMAL CLASSIFICATION NUMBER
Classification number 891.4391 ZUL
100 ## - MAIN ENTRY--PERSONAL NAME
9 (RLIN) 15788
Personal name Zulfi, Ahmed Iqbal
245 ## - TITLE STATEMENT
Title Ehsas (Shayari Majmua)
Statement of responsibility, etc. Zulfiqar, Ahmed Iqbal Zulfi
260 ## - PUBLICATION, DISTRIBUTION, ETC.
Place of publication, distribution, etc. Lahore:
Date of publication, distribution, etc. c1991.
650 ## - SUBJECT ADDED ENTRY--TOPICAL TERM
9 (RLIN) 15791
Topical term or geographic name entry element Urdu Literature
General subdivision General
942 ## - ADDED ENTRY ELEMENTS (KOHA)
Source of classification or shelving scheme
Koha item type Book
Holdings
Withdrawn status Lost status Source of classification or shelving scheme Damaged status Not for loan Permanent Location Current Location Shelving location Date acquired Total Checkouts Full call number Barcode Date last seen Price effective from Koha item type
          Pakistan Navy Engineering College (PNEC) Pakistan Navy Engineering College (PNEC)       891.4391 ZUL PNECLIB-015465 01/11/2016   Book
© 2023 Central Library, National University of Sciences and Technology. All Rights Reserved.